[Event "Vasylyshyn Mem"]
[Site "Lviv UKR"]
[Date "2006.10.15"]
[Round "13"]
[White "Popov,Iv RUS"]
[Black "Zherebukh,Y"]
[Result "1-0"]
[WhiteElo "2516"]
[BlackElo "2321"]

1.e4 c5 2.Nf3 Nc6 3.Nc3 Nf6 4.Bb5 Nd4 5.e5 Nxb5 6.Nxb5 Ng4 7.h3 Nh6 8.Qe2 a6
9.Nd6+ exd6 10.exd6+ Be7 11.dxe7 Qxe7 12.Qxe7+ Kxe7 13.d4 cxd4 14.Bg5+ f6
15.Bxh6 gxh6 16.Nxd4 Rg8 17.g3 a5 18.O-O-O Rg5 19.Rhe1+ Kf7 20.Re3 Rd5 21.Ne2 Rxd1+
22.Kxd1 Ra6 23.Kd2 Rb6 24.Rc3 Rc6 25.Nd4 Rxc3 26.Kxc3 d5 27.h4 Ke7 28.Nb3 b6
29.Kd4 Kd6 30.Nd2 Bh3 31.Nb1 Bd7 32.Nc3 Bc6 33.Nd1 Ke6 34.Ne3 Bb7 35.a3 Bc6
36.c4 dxc4 37.Nxc4 Kf5 38.Nxb6 Kg4 39.Nc4 a4 40.Ke3 Bd5 41.Nb6 Bc6 42.Nc8 Bd5
43.Ne7 Be6 44.Nc6 Bd5 45.Nd4 Bc4 46.Ne2 Bd5 47.Nc3 Bc6 48.Ne4 Kf5 49.Nc5 Kg4
50.b4 axb3 51.Nxb3 f5 52.Nd4 Bd7 53.Ne2 Bc6 54.Nf4 Ba4 55.Nd3 Bc2 56.Ne5+ Kh3
57.Kf4 Kg2 58.f3 Bd1 59.Nd3 Be2 60.Nc5 Bxf3 61.a4 Bd5 62.a5 Bc6 63.a6 Bd5
64.a7 Bc6 65.Ne6 Bd5 66.Nc7 Bc6  1-0

[Event "IRT5"]
[Site "Sao Paulo BRA"]
[Date "2006.10.15"]
[Round "7"]
[White "Viana da Costa,F"]
[Black "Tsuboi,E"]
[Result "0-1"]
[WhiteElo "2288"]
[BlackElo "2325"]

1.e4 c5 2.Nf3 Nc6 3.Nc3 e6 4.Bb5 Nge7 5.O-O a6 6.Bxc6 Nxc6 7.Re1 Be7 8.d4 cxd4
9.Nxd4 O-O 10.Be3 Qc7 11.Nb3 b5 12.a4 b4 13.Ne2 Ne5 14.Bf4 d6 15.Nec1 Bb7
16.Nd3 a5 17.Bg3 Rfc8 18.Re2 Ba6 19.Rd2 Nc4 20.Re2 Nxb2 21.Nxb2 Bxe2 22.Qxe2 Qxc2
23.Qxc2 Rxc2 24.Nd1 Bf6 25.Rb1 Ra2 26.Ne3 Rxa4 27.Nc4 Ra2 28.Ncxa5 R2xa5
29.Nxa5 Rxa5 30.Kf1 Ra1 31.Rxa1 Bxa1 32.Ke2 b3 33.Kd3 d5  0-1

[Event "IRT5"]
[Site "Sao Paulo BRA"]
[Date "2006.10.15"]
[Round "7"]
[White "Marra,E"]
[Black "Jacob,Ro"]
[Result "1/2-1/2"]
[WhiteElo "2303"]
[BlackElo "2015"]

1.e4 c5 2.Nf3 Nc6 3.Nc3 a6 4.d4 cxd4 5.Nxd4 d6 6.Bc4 e6 7.Bb3 Nf6 8.Be3 Be7
9.Qe2 O-O 10.O-O-O Qc7 11.g4 Nxd4 12.Rxd4 b5 13.g5 Nd7 14.Qh5 g6 15.Qe2 Nc5
16.h4 Bd7 17.h5 b4 18.Qg4 bxc3 19.Qh4 Nxb3+ 20.cxb3 Bxg5 21.Qxg5 Bb5 22.a4 Rfc8
23.hxg6 fxg6 24.Qf6 cxb2+ 25.Kxb2 Qc3+ 26.Ka2 Bc4 27.bxc4  1/2-1/2

[Event "WJun"]
[Site "Yerevan ARM"]
[Date "2006.10.15"]
[Round "12"]
[White "Geller,J"]
[Black "Kozlov,R"]
[Result "1-0"]
[WhiteElo "2501"]
[BlackElo "2337"]

1.e4 c5 2.Nf3 Nc6 3.Nc3 Nf6 4.Bb5 Qc7 5.d3 e6 6.O-O Be7 7.Re1 a6 8.Bxc6 Qxc6
9.e5 Nd5 10.Nxd5 Qxd5 11.c4 Qc6 12.Bg5 f6 13.Bh4 O-O 14.Nd2 g5 15.exf6 Bxf6
16.Bg3 h6 17.Ne4 Bxb2 18.Bd6 Rf7 19.Qh5 Bg7 20.h4 gxh4 21.Qxh4 b5 22.Re3 Bb7
23.Rg3 Qc8 24.Re1 Kh8 25.Rxg7 Rxg7 26.Qxh6+ Kg8 27.Nf6+ Kf7 28.Qh5+ Kxf6
29.Be5+ Ke7 30.Qh4+ Kf8 31.Qh6 Qc6 32.Qxg7+ Ke8 33.Re4 b4 34.Bf6 Qd6 35.Qg6+  1-0

[Event "WJun"]
[Site "Yerevan ARM"]
[Date "2006.10.15"]
[Round "12"]
[White "Brunello,S"]
[Black "Babujian,L"]
[Result "1-0"]
[WhiteElo "2460"]
[BlackElo "2394"]

1.e4 c5 2.Nf3 Nc6 3.Nc3 Nf6 4.Bb5 Qc7 5.O-O g6 6.d4 cxd4 7.Nd5 Nxd5 8.exd5 Ne5
9.Qxd4 Bg7 10.Nxe5 Bxe5 11.Qh4 Bf6 12.Bg5 Bxg5 13.Qxg5 Qc5 14.Rfe1 O-O 15.Bd3 e6
16.Rad1 b6 17.h4 Qxd5 18.Qxd5 exd5 19.Bb5 a6 20.Ba4 Bb7 21.Bxd7 Rfd8 22.Ba4 Kf8
23.f3 d4 24.Kf2 b5 25.Bb3 a5 26.a4 Bc6 27.axb5 Bxb5 28.Re5 Bc6 29.Rc5 Rd6
30.Bc4 a4 31.Ra1 Rb8 32.Ra2 Rb4 33.Ke2 h5 34.Kd2 Ke7 35.b3 Rf6 36.Kd3 Rd6
37.Ra5 Bd7 38.Ra7 Kf6 39.Rc7 Bf5+ 40.Kd2 d3 41.c3 Rxc4 42.Rxc4 axb3 43.Rb2 Re6
44.Kd1 Re2 45.Rd2 Re5 46.Rb4 Ra5 47.Rb2 Ra1+ 48.Kd2 Rg1 49.Ke3 Re1+ 50.Kf2 Rh1
51.Rb6+ Be6 52.Ke3 Rxh4 53.Kxd3 Rh2 54.c4 h4 55.R6xb3 Ke5 56.Rb5+ Kf4 57.c5 Bf5+
58.Kd4 Rh1 59.c6 Rd1+ 60.Kc5 h3 61.gxh3 Bxh3 62.R5b4+ Kg3 63.R2b3 Be6 64.Rc3 Rd5+
65.Kb6 Rd6 66.Kc7 Rd2 67.Kb8 Rf2 68.c7 Rxf3 69.Rxf3+ Kxf3 70.Rb6 Bg4 71.Kb7 g5
72.Kc6 Be6 73.Kc5 Bc8 74.Rb8 Bf5 75.Rf8 Ke3 76.Rxf7 Bc8 77.Rf8 Bh3 78.Rg8 Kf4
79.Kd6  1-0

[Event "Autumn Cup"]
[Site "Bucharest ROM"]
[Date "2006.10.16"]
[Round "6"]
[White "Thesing,M"]
[Black "Jianu,V"]
[Result "1-0"]
[WhiteElo "2410"]
[BlackElo "2502"]

1.e4 c5 2.Nc3 Nc6 3.Nf3 g6 4.Bb5 Bg7 5.O-O Nf6 6.Re1 O-O 7.e5 Ng4 8.Bxc6 dxc6
9.d3 b6 10.Bf4 Nh6 11.Qd2 Nf5 12.Re4 Be6 13.Rae1 Qd7 14.Ng5 Rad8 15.Nxe6 Qxe6
16.b3 Rd7 17.Ne2 h6 18.Qc1 g5 19.Bd2 Rd5 20.Bc3 Rfd8 21.h3 Qg6 22.e6 f6 23.Bb2 Rf8
24.Rg4 Qh7 25.Ra4 a5 26.f4 Nh4 27.Rf1 Rd6 28.fxg5 hxg5 29.Qe3 Rfd8 30.Ng3 Rd5
31.Rg4 Qg6 32.Ne2 Qh6 33.Ng3 Qg6 34.Ne2 Qh6 35.Ng3 Qh7 36.Qf2 Qg6 37.Qe3 Kh7
38.Qf2 Rf8 39.Ne2 Qh6 40.Qe3 Kg8 41.c4 Rd6 42.d4 cxd4 43.Nxd4 Qh7 44.Rxh4 gxh4
45.Nf5 Re8 46.Nxd6 exd6 47.Bxf6 Qg6 48.Rf4 Bxf6 49.Rg4 Qxg4 50.hxg4 c5 51.Qe4 Kg7
52.Kf1 Rf8 53.Ke2 Be7 54.Kd3 Kf6 55.Qf5+ Kg7 56.Qd5 Rf4 57.Ke3 Rxg4 58.Qf5 Rg3+
59.Ke4 Bf6 60.Qh5 Rg6 61.Kf5  1-0

[Event "32nd Guernsey Chess Festival"]
[Site "Grand Harve Bay GCI"]
[Date "2006.10.20"]
[Round "6"]
[White "Bakre,T"]
[Black "Burrows,M"]
[Result "1-0"]
[WhiteElo "2447"]
[BlackElo "2215"]

1.e4 c5 2.Nc3 Nc6 3.Nf3 e5 4.Bc4 Be7 5.d3 Nf6 6.Nd2 a6 7.a4 O-O 8.Nf1 d6
9.Ne3 Be6 10.O-O Nb4 11.Ncd5 Nbxd5 12.exd5 Bd7 13.a5 Ne8 14.c3 Bf6 15.Nc2 Rc8
16.Be3 Bg5 17.Qd2 Bxe3 18.Qxe3 Nf6 19.Rfb1 Ng4 20.Qe2 f5 21.b4 cxb4 22.Rxb4 Rc7
23.h3 Nf6 24.f4 exf4 25.Qf3 Ng4 26.Re1 Ne3 27.Nxe3 fxe3 28.Rxe3 Qf6 29.Rb6 f4
30.Re4 g5 31.Qe2 Bf5 32.Re8 Rg7 33.Rxf8+ Kxf8 34.Qf2 Bc8 35.Qc5 dxc5 36.Rxf6+ Ke7
37.Rh6 Bf5 38.Rb6 Kd8 39.Rf6 Bd7 40.Kf2 Ke7 41.Rb6 Bc8 42.d6+ Kd8 43.Bd5 h5
44.Kf3 Ke8 45.Ke4 Kf8 46.Ke5 Rh7 47.h4 gxh4 48.Kxf4 Rg7 49.Bf3 Rf7+ 50.Ke3 Rh7
51.d4 cxd4+ 52.Kxd4 Rg7 53.c4 Ke8 54.Bxh5+ Kd7 55.Bf3 Ke6 56.Bd5+ Kf5 57.Rb3 Rg4+
58.Kc5 Ke5 59.Re3+ Kf6 60.Rf3+ Ke5 61.Rf8  1-0

[Event "WYB18"]
[Site "Batumi GEO"]
[Date "2006.10.21"]
[Round "3"]
[White "Moranda,W"]
[Black "Papadopoulos,I"]
[Result "1-0"]
[WhiteElo "2462"]
[BlackElo "2347"]

1.e4 c5 2.Nf3 Nc6 3.Nc3 e5 4.Bc4 Be7 5.d3 d6 6.O-O Nf6 7.Ng5 O-O 8.f4 exf4
9.Bxf4 h6 10.Nf3 Be6 11.Nd5 Bxd5 12.Bxd5 Nxd5 13.exd5 Nb4 14.c4 Bf6 15.Qd2 Qd7
16.a3 Na6 17.Rab1 Rfe8 18.b4 b6 19.Kh1 Re7 20.Qf2 Kh7 21.g4 Be5 22.Bxe5 dxe5
23.g5 Qd6 24.Qh4 Rh8 25.gxh6 Kg8 26.Qg4 Qxh6 27.Qc8+  1-0

[Event "TCh-FIN 2006-7"]
[Site "Helsinki FIN"]
[Date "2006.10.21"]
[Round "3"]
[White "Raisa,U"]
[Black "Nyback,J"]
[Result "1/2-1/2"]
[WhiteElo "2146"]
[BlackElo "2098"]

1.e4 c5 2.Nc3 Nc6 3.Nf3 g6 4.d4 cxd4 5.Nxd4 Bg7 6.Be3 a6 7.Nd5 Rb8 8.Qd2 Nf6
9.Nxf6+ Bxf6 10.Be2 d5 11.exd5 Nxd4 12.Bxd4 Qxd5 13.Bxf6 Qxd2+ 14.Kxd2 exf6
15.Rhe1 O-O 16.Bd3 Be6 17.Rad1 Rfd8 18.Kc1 f5 19.f4 Rbc8 20.b3 a5 21.Bb5 Bd5
22.g3 Be4 23.Rxd8+ Rxd8 24.Rd1 Rxd1+ 25.Kxd1 Kf8 26.Kd2 Ke7 27.c4 Kd6 28.Kc3 b6
29.a3 f6 30.Kd4 Bc2 31.b4 axb4 32.axb4 Be4 33.h4 Bf3 34.c5+ bxc5+ 35.bxc5+ Ke7
36.Bc4 Be4 37.Bd5 Bb1 38.Kc3 Kd7 39.Kc4 Ba2+ 40.Kd4 Bb1 41.Bg8 h6 42.Bh7 g5
43.hxg5 hxg5 44.fxg5 fxg5 45.Ke5 Kc6 46.Bxf5 Ba2 47.Kd4 Kc7 48.Be4 Be6 49.Ke5 Bh3
50.Kf6 g4 51.Kf5 Kd7 52.Kf4 Kc7 53.Ke5 Bf1 54.Kf4 Bh3 55.Bf5 Kc6 56.Bxg4 Bf1
57.Bf3+ Kxc5 58.Ke5 Bh3 59.Be4 Bg4 60.Kf4 Bh5 61.Bf3 Be8 62.Ke5 Bd7 63.Bd5 Bg4
64.Kf4 Bh5 65.Bf3 Be8 66.g4 Kd6 67.g5 Bg6 68.Bg4 Ke7 69.Ke5 Kf7 70.Bf5 Bh5
71.Kf4 Kg7 72.Kg3 Be8 73.Kh4  1/2-1/2

[Event "WYG16"]
[Site "Batumi GEO"]
[Date "2006.10.22"]
[Round "4"]
[White "Vladimirova,M"]
[Black "Siradze,S"]
[Result "0-1"]
[WhiteElo "1994"]
[BlackElo "1961"]

1.e4 c5 2.Nc3 Nc6 3.Nge2 Nf6 4.g3 e6 5.Bg2 d5 6.exd5 exd5 7.d4 cxd4 8.Nxd4 Bc5
9.Nf3 O-O 10.O-O Bg4 11.Qd2 Bb4 12.a3 Bxc3 13.Qxc3 Ne4 14.Qe3 Re8 15.Nd4 Ne5
16.b3 Nf6 17.Qd2 Qb6 18.Bb2 Re7 19.h3 Bd7 20.Rfe1 Rae8 21.Qb4 Qc7 22.Qc3 Qd6
23.a4 Ne4 24.Qa5 Qf6 25.Rf1 b6 26.Qa6 Ng5 27.f4 Nxh3+ 28.Bxh3 Bxh3 29.fxe5 Qg5
30.Rf3 Rxe5 31.Qxa7 R5e7 32.Qxb6 Qd2 33.Rf2 Re1+ 34.Rxe1 Rxe1+ 35.Kh2 Qxf2+
36.Kxh3 Rh1+ 37.Kg4 h5+ 38.Kg5 Qxg3+ 39.Kf5 Rf1+  0-1

[Event "WYB18"]
[Site "Batumi GEO"]
[Date "2006.10.23"]
[Round "5"]
[White "Tayar,J"]
[Black "Arabi,S"]
[Result "1-0"]
[WhiteElo "2214"]
[BlackElo "1989"]

1.e4 c5 2.Nf3 Nc6 3.Nc3 g6 4.d4 cxd4 5.Nxd4 Bg7 6.Be3 Nf6 7.Be2 O-O 8.O-O d5
9.Nxc6 bxc6 10.e5 Nd7 11.f4 e6 12.Na4 Qe7 13.c4 f6 14.exf6 Bxf6 15.Rc1 Bb7
16.Re1 Qg7 17.Bg4 Rfe8 18.Bf2 Qf7 19.Qb3 Ba6 20.cxd5 exd5 21.Bxd7 Qxd7 22.Nc5 Rxe1+
23.Rxe1 Qc8 24.Re6 Bc4 25.Qg3 Qd8 26.b3 Rb8 27.f5 Rb5 28.fxg6 h6 29.Qf4 d4
30.Rxf6 Rxc5 31.bxc4 Rxc4 32.h4 Rb4 33.Qf5 Rb1+ 34.Kh2 Qe8 35.g7  1-0

[Event "14th Chigorin Mem"]
[Site "St-Petersburg RUS"]
[Date "2006.10.24"]
[Round "2"]
[White "Stukopin,A"]
[Black "Lanin,A"]
[Result "0-1"]
[WhiteElo "2309"]
[BlackElo "2474"]

1.e4 c5 2.Nc3 Nc6 3.Nge2 Nf6 4.d4 cxd4 5.Nxd4 Qb6 6.Nb3 e6 7.Be3 Qc7 8.a3 Be7
9.Qd2 a6 10.Bf4 d6 11.Rd1 Ne5 12.Be2 O-O 13.O-O b5 14.Bg3 Bb7 15.Qd4 Rfd8
16.Nd2 Rac8 17.Kh1 Ng6 18.Qe3 Qc5 19.Qxc5 dxc5 20.e5 Nd5 21.Nxd5 Bxd5 22.f4 c4
23.c3 Bc5 24.Bg4 Ne7 25.Bh4 Kf8 26.Bf3 Bxf3 27.Nxf3 Rxd1 28.Bxe7+ Kxe7 29.Rxd1 Rd8
30.Nd4 Bxd4 31.cxd4 Kd7 32.Kg1 Kc6 33.Kf2 Kd5 34.Ke3 Rc8 35.Rc1 a5 36.g3 h5
37.h3 g6 38.h4 Rc7 39.b3 Rc6 40.Rb1 b4 41.axb4 axb4 42.bxc4+ Rxc4 43.Ra1 Rc3+
44.Kd2 Rxg3 45.Ra7 Kxd4 46.Rd7+ Ke4 47.Rxf7 Rg2+ 48.Kc1 Rg4 49.Rf6 Kd5 50.Kb2 Rxh4
51.Kb3 Rg4 52.Rf7 h4 53.Rd7+ Ke4 54.Re7 h3 55.Rh7 Kxf4 56.Rxh3 Rg3+  0-1

[Event "14th Chigorin Mem B"]
[Site "St-Petersburg RUS"]
[Date "2006.10.24"]
[Round "2"]
[White "Lelekova,O"]
[Black "Abramov,Al"]
[Result "0-1"]
[WhiteElo "2194"]
[BlackElo "2290"]

1.e4 c5 2.Ne2 Nc6 3.Nbc3 d6 4.g3 Bg4 5.Bg2 Nd4 6.O-O Bf3 7.Bxf3 Nxf3+ 8.Kg2 Nd4
9.Nxd4 cxd4 10.Ne2 e5 11.c3 d3 12.Ng1 Nf6 13.Re1 Be7 14.Qf3 d5 15.Qxd3 dxe4
16.Qb5+ Qd7 17.Qxe5 O-O 18.d4 exd3 19.Qxe7 Qc6+ 20.Kf1 Rae8 21.Qb4 Rxe1+
22.Kxe1 Qg2 23.Qd4 Qxg1+ 24.Kd2 Re8 25.Kxd3 Qd1+  0-1

[Event "WYG14"]
[Site "Batumi GEO"]
[Date "2006.10.25"]
[Round "7"]
[White "Muzychuk,M"]
[Black "Sukandar,I"]
[Result "1-0"]
[WhiteElo "2278"]
[BlackElo "2239"]

1.e4 c5 2.Nc3 Nc6 3.Bb5 g6 4.Bxc6 dxc6 5.d3 Bg7 6.f4 Nf6 7.Nf3 O-O 8.O-O Bg4
9.Be3 b6 10.h3 Bxf3 11.Qxf3 Qd7 12.Ne2 Rfd8 13.g4 Ne8 14.Rab1 Nc7 15.f5 Nb5
16.Qf2 Nd4 17.Nf4 e5 18.Ng2 f6 19.c3 Nb5 20.Rbd1 Qf7 21.fxg6 hxg6 22.g5 Rd6
23.a4 Nc7 24.d4 cxd4 25.cxd4 Rad8 26.gxf6 Rxf6 27.Qg3 Ne6 28.d5 cxd5 29.Rxf6 Bxf6
30.Rxd5 Rc8 31.a5 Rc4 32.axb6 axb6 33.Qg4 Rc6 34.b4 Nf8 35.b5 Re6 36.Ne1 Bg7
37.Nf3 Qa7 38.Kg2 Qa2+ 39.Nd2 Qa3 40.Bg5 Rd6 41.Be7 Rxd5 42.Bxa3 Rxd2+ 43.Kf1 Nd7
44.Qxg6 Rd3 45.Bd6 Rf3+ 46.Ke2 Rf7 47.h4 Nf6 48.Bxe5 Kf8 49.Bd6+ Kg8 50.h5 Ne8
51.e5 Nxd6 52.exd6 Kf8 53.h6 Bh8 54.h7 Bg7 55.Qh6  1-0

[Event "14th Chigorin Mem"]
[Site "St-Petersburg RUS"]
[Date "2006.10.25"]
[Round "3"]
[White "Yagupov,I"]
[Black "Onoprienko,V"]
[Result "1-0"]
[WhiteElo "2541"]
[BlackElo "2348"]

1.e4 c5 2.Nf3 Nc6 3.Nc3 g6 4.d4 cxd4 5.Nxd4 Bg7 6.Be3 Nf6 7.Bc4 O-O 8.Bb3 d6
9.f3 Bd7 10.Qd2 Nxd4 11.Bxd4 b5 12.h4 a5 13.h5 e6 14.a4 b4 15.Ne2 Qe7 16.hxg6 fxg6
17.O-O-O Rf7 18.Be3 d5 19.exd5 Nxd5 20.Bd4 Bxd4 21.Nxd4 Nc7 22.Rhe1 Rc8 23.Re5 Ra8
24.Qe2 Ra6 25.Qc4 Bc8 26.Nb5 Kg7 27.Nxc7  1-0

[Event "14th Chigorin Mem B"]
[Site "St-Petersburg RUS"]
[Date "2006.10.25"]
[Round "3"]
[White "Severiukhina,Z"]
[Black "Tjolsen,K"]
[Result "1-0"]
[WhiteElo "2203"]
[BlackElo "2051"]

1.e4 c5 2.Nf3 Nc6 3.Nc3 Nf6 4.d4 cxd4 5.Nxd4 e5 6.Ndb5 d6 7.Bg5 a6 8.Na3 b5
9.Bxf6 gxf6 10.Nd5 Bg7 11.Bd3 Ne7 12.Nxe7 Qxe7 13.c4 f5 14.O-O O-O 15.Qh5 bxc4
16.Nxc4 d5 17.exd5 e4 18.Rfe1 Qc5 19.Bf1 Rb8 20.Rad1 Rd8 21.b3 Bd7 22.Qg5 h6
23.Qe3 Bf8 24.Ne5 Qxe3 25.Rxe3 Bd6 26.Nxd7 Rxd7 27.Rc3 a5 28.Ba6 Rdd8 29.Kf1 Kg7
30.g3 Kf6 31.Rc6 Kg5 32.f3 a4 33.Bc4 h5 34.Kf2 axb3 35.Bxb3 h4 36.Rd4 hxg3+
37.hxg3 e3+ 38.Kxe3 Bxg3 39.f4+ Kg4 40.Bd1+ Kh3 41.Rh6+ Bh4 42.Rh5 Rb2 43.Rxf5 Re8+
44.Re4 Rg8 45.Bb3 Rgg2 46.Kd4 f6 47.d6 Rgd2+ 48.Kc5 Kg4 49.Rd5 f5 50.Re8 Kxf4
51.d7 Rg2 52.Rd4+  1-0

[Event "14th Chigorin Mem B"]
[Site "St-Petersburg RUS"]
[Date "2006.10.25"]
[Round "3"]
[White "Edvardsen,I"]
[Black "Frolov,Alb"]
[Result "0-1"]
[WhiteElo "1938"]
[BlackElo "2086"]

1.e4 c5 2.Nc3 Nc6 3.Nf3 d6 4.Bb5 Nf6 5.O-O e5 6.d3 a6 7.Bxc6+ bxc6 8.h3 Be7
9.Nh2 O-O 10.f4 a5 11.fxe5 dxe5 12.Be3 a4 13.a3 Be6 14.Qe2 Qb6 15.Rab1 Qa6
16.Rfd1 Rfd8 17.Qf2 Nd7 18.Nf3 Rf8 19.Qg3 f6 20.Kh1 Rf7 21.Nh2 Raf8 22.Ng4 Kh8
23.Rf1 c4 24.d4 exd4 25.Bxd4 c5 26.Bg1 Bd6 27.Qh4 Qc6 28.Ne3 Ne5 29.Nf5 Bc7
30.Qf2 Nd7 31.Ne3 Be5 32.Qf3 Bd4 33.Ned5 f5 34.Rfe1 fxe4 35.Qxe4 Bf5 36.Qe2 Bxc3
37.Nxc3 Bxh3 38.Qe4 Qh6 39.gxh3 Qxh3+ 40.Bh2 Rf2  0-1

[Event "10th Essent Open"]
[Site "Hoogeveen NED"]
[Date "2006.10.26"]
[Round "7"]
[White "Weeks,Ma"]
[Black "Potze,R"]
[Result "1/2-1/2"]
[WhiteElo "2247"]
[BlackElo "2122"]

1.e4 c5 2.Nf3 Nc6 3.Nc3 e5 4.Bc4 d6 5.d3 Be7 6.O-O h6 7.Nd5 Nf6 8.Nxe7 Qxe7
9.Nh4 Be6 10.Nf5 Bxf5 11.exf5 d5 12.Bb3 O-O 13.c3 b5 14.f4 e4 15.dxe4 dxe4
16.Qe2  1/2-1/2

[Event "14th Chigorin Mem"]
[Site "St-Petersburg RUS"]
[Date "2006.10.26"]
[Round "5"]
[White "Novikov,St"]
[Black "Zhigalko,S"]
[Result "1/2-1/2"]
[WhiteElo "2532"]
[BlackElo "2504"]

1.e4 c5 2.Nf3 Nc6 3.Nc3 Nf6 4.Bb5 Qc7 5.O-O Nd4 6.Re1 a6 7.Bc4 d6 8.Nd5 Nxd5
9.exd5 g6 10.Nxd4 cxd4 11.d3 h6 12.a4 Bg7 13.Qe2 Bf6 14.Bd2 h5 15.c3 Bg4
16.Qe4 Bf5 17.Qf3 O-O 18.h3 Bd7 19.a5 b5 20.axb6 Qxb6 21.Ra2 Bb5 22.cxd4 a5
23.Bc3 Bxc4 24.dxc4 Qb3 25.Rea1 Qxc4 26.Rxa5 Rxa5 27.Rxa5 Rc8 28.Qd1 Kg7
29.g3 Rc7 30.Kg2 Rc8 31.Qd2 Rb8 32.Qe3 Rc8 33.Qe4 Rb8 34.Qe3 Kg8 35.f4 Rb5
36.Rxb5 Qxb5 37.Qe4 Qc4 38.Kf2 h4 39.g4 g5 40.fxg5 Bxg5 41.Qf5 f6 42.Ke1 Kf8
43.Kd1 Qb3+ 44.Ke2 Qc4+ 45.Kd1  1/2-1/2

[Event "14th Chigorin Mem B"]
[Site "St-Petersburg RUS"]
[Date "2006.10.26"]
[Round "5"]
[White "Urjubdshzirov,E"]
[Black "Pileckis,E"]
[Result "0-1"]
[WhiteElo "2197"]
[BlackElo "2233"]

1.e4 c5 2.Nf3 Nc6 3.Nc3 e5 4.Bc4 Be7 5.d3 Nf6 6.Nd2 a6 7.a4 Nb4 8.O-O O-O
9.Re1 d6 10.Nf1 Bg4 11.f3 Be6 12.Bg5 Ne8 13.Bd2 b6 14.f4 exf4 15.Bxf4 Qd7
16.Ne3 Nc7 17.Ncd5 Rfb8 18.c3 Nc6 19.Qf3 Bxd5 20.Bxd5 Nxd5 21.Nxd5 Bf8 22.Qg3 Kh8
23.Bg5 f6 24.Bf4 Rb7 25.b4 cxb4 26.cxb4 Ne7 27.Nc3 Rc8 28.Rec1 Rbc7 29.d4 Rc4
30.Ne2 d5 31.Rxc4 Rxc4 32.b5 axb5 33.axb5 dxe4 34.Ra8 Rc8 35.Rxc8 Nxc8 36.Qb3 Na7
37.Qc2 f5 38.Qc7 Qxc7 39.Bxc7 Nxb5 40.Bxb6 Bd6 41.Bc5 Bb8 42.Kf2 g6 43.g3 Kg7
44.Ke3 Kf6 45.Bb6 Ke6 46.Bc5 Bc7 47.h4 Kd5 48.Kf2 Kc4 49.Ke3 Nc3 50.Nxc3 Kxc3
51.d5 Kc4 52.d6 Bd8 53.Ba3 Kd5 54.Ke2 Ke6 55.Bc5 Bf6 56.Kf2 Be5 57.d7 Kxd7
58.Bf8 Ke6 59.Bh6 Kd5 60.Bc1 Kc4 61.Bh6 Kd3 62.Bg5 Bd4+  0-1

[Event "14th Chigorin Mem"]
[Site "St-Petersburg RUS"]
[Date "2006.10.26"]
[Round "5"]
[White "Anisimov,P"]
[Black "Maletin,P"]
[Result "0-1"]
[WhiteElo "2527"]
[BlackElo "2538"]

1.e4 c5 2.Ne2 Nc6 3.Nbc3 Nf6 4.g3 d5 5.exd5 Nd4 6.Nxd4 cxd4 7.Nb5 e5 8.Qe2 Be7
9.Qxe5 O-O 10.Bg2 a6 11.Nxd4 Bd6 12.Qe3 Re8 13.O-O Rxe3 14.dxe3 Bd7 15.b3 Rc8
16.Bb2 Qe7 17.a4 Ne4 18.c4 h5 19.Rad1 h4 20.gxh4 Qxh4 21.f4 Re8 22.Nf3 Qh6
23.h4 f6 24.Bd4 Bg4 25.Rfe1 Qh5 26.Rf1 Ng3 27.Rf2 Nf5 28.Rd3 Nxd4 29.Nxd4 Bc5
30.d6 Rxe3 31.Rxe3 Bxd4 32.Rd3 Bxf2+ 33.Kxf2 Qxh4+ 34.Kf1 Bd7 35.Bxb7 Qxf4+
36.Ke1 a5 37.Ba6 Qc1+ 38.Kf2 Qf4+ 39.Ke1 Qc1+ 40.Kf2 Qc2+ 41.Ke3 Bf5 42.Rd5 Qxb3+
43.Kd2 Qb2+ 44.Ke1 Bg4 45.c5 Qb1+ 46.Kd2 Qa2+ 47.Kc3 Qxd5 48.Bc4 Qxc4+ 49.Kxc4 Bd7
50.Kd5 Kf7 51.c6 Ke8 52.Kc5 Bxc6 53.Kxc6 Kd8 54.Kb6 g5  0-1

[Event "WYB14"]
[Site "Batumi GEO"]
[Date "2006.10.27"]
[Round "10"]
[White "Thavandiran,S"]
[Black "Durarbeyli,V"]
[Result "0-1"]
[WhiteElo "2264"]
[BlackElo "2243"]

1.e4 c5 2.Nc3 Nc6 3.Bb5 e6 4.Bxc6 bxc6 5.d3 d5 6.f4 Nf6 7.Nf3 Ba6 8.e5 Nd7
9.O-O c4 10.d4 g6 11.Be3 Rb8 12.Rb1 Qa5 13.Qe1 Be7 14.Kh1 Nb6 15.Bd2 Na4
16.Qc1 Nxc3 17.Bxc3 Qb6 18.Qe3 h6 19.Rg1 Bc8 20.Qf2 a5 21.Qg3 Kd7 22.Qe1 a4
23.a3 Ba6 24.Rd1 Rbg8 25.Nd2 g5 26.Rf1 g4 27.f5 h5 28.fxe6+ fxe6 29.Rf7 Ke8
30.Qf2 Rf8 31.Rf1 c5 32.dxc5 Qc6 33.Rf6 h4 34.Qd4 Rfg8 35.Qf4 h3 36.Rf2 g3
37.hxg3 hxg2+ 38.Kg1 d4 39.Ne4 Bb7 40.Nd6+ Qxd6 41.Rh6 Rxh6 42.Qxh6 Qxe5
43.Bd2 c3 44.bxc3 Qxg3 45.Be1 Qe3 46.Qh5+ Kd7 47.c6+ Bxc6 48.Qd1 Rh8  0-1

[Event "14th Chigorin Mem B"]
[Site "St-Petersburg RUS"]
[Date "2006.10.27"]
[Round "6"]
[White "Davydov,An"]
[Black "Pileckis,E"]
[Result "1-0"]
[WhiteElo "2292"]
[BlackElo "2233"]

1.e4 c5 2.Nf3 Nc6 3.Nc3 e5 4.Bc4 Be7 5.d3 d6 6.O-O Nf6 7.Ng5 O-O 8.f4 exf4
9.Bxf4 Nd4 10.Qd2 h6 11.Nf3 Nxf3+ 12.gxf3 Be6 13.Kh1 Kh7 14.Bxe6 fxe6 15.Qg2 Nh5
16.Bg3 Bg5 17.Qh3 Nf4 18.Bxf4 Bxf4 19.Ne2 Qe7 20.Qg4 g5 21.c3 Rf6 22.Ng3 Bxg3
23.hxg3 Raf8 24.Kg2 Qf7 25.Rf2 h5 26.Rh1 Kh6 27.Kg1 Qg6 28.Kf1 Rh8 29.Rfh2 h4
30.gxh4 Kg7 31.hxg5 Rff8 32.Rh6 Qf7 33.Ke2 e5 34.Qh3  1-0

[Event "WYB18"]
[Site "Batumi GEO"]
[Date "2006.10.28"]
[Round "11"]
[White "Tayar,J"]
[Black "Nigalidze,G"]
[Result "0-1"]
[WhiteElo "2214"]
[BlackElo "2222"]

1.e4 c5 2.Nf3 Nc6 3.Nc3 Nf6 4.d4 cxd4 5.Nxd4 e5 6.Ndb5 d6 7.Bg5 a6 8.Na3 b5
9.Bxf6 gxf6 10.Nd5 Bg7 11.c3 f5 12.exf5 Bxf5 13.Nc2 O-O 14.Nce3 Be6 15.Bd3 f5
16.Qh5 Ra7 17.a4 b4 18.cxb4 e4 19.Bc2 Nxb4 20.Nxb4 Qa5 21.O-O Qxb4 22.Kh1 Qxb2
23.Rab1 Qe5 24.f4 Qc3 25.Qe2 Bd4 26.Nd1 Qc4 27.Qxc4 Bxc4 28.Bb3 Bxb3 29.Rxb3 d5
30.h3 Rff7 31.g4 Rab7 32.Rg3 Rb1 33.Rg2 fxg4 34.hxg4 Rxf4 35.Rxf4 Rxd1+ 36.Kh2 Be5  0-1

[Event "Open A"]
[Site "Le Touquet FRA"]
[Date "2006.10.30"]
[Round "3"]
[White "Radulski,J"]
[Black "Bruned,Y"]
[Result "1-0"]
[WhiteElo "2494"]
[BlackElo "2333"]

1.e4 c5 2.Nc3 Nc6 3.Nf3 e5 4.Bc4 d6 5.d3 Be7 6.h3 Nf6 7.a4 h6 8.O-O O-O 9.Re1 Nh7
10.Nd5 Be6 11.c3 Rc8 12.a5 Bg5 13.a6 Bxc1 14.axb7 Rb8 15.Qxc1 Rxb7 16.Ra6 Qd7
17.b3 Ne7 18.d4 Bxd5 19.exd5 exd4 20.cxd4 cxd4 21.Nxd4 Nf6 22.Qa3 Nc8 23.Rc6 Rc7
24.Rc1 Rxc6 25.dxc6 Qc7 26.Ba6 Nd5 27.Bxc8 Rxc8 28.Qa6 Nb4 29.Qc4 a5 30.Nf5 Kf8
31.Qg4 g6 32.Qd4  1-0

[Event "Open A"]
[Site "Le Touquet FRA"]
[Date "2006.10.30"]
[Round "3"]
[White "Kieffer,C"]
[Black "Marville,G"]
[Result "0-1"]
[WhiteElo "2162"]
[BlackElo "1973"]

1.e4 c5 2.Nf3 Nc6 3.Nc3 e6 4.Bb5 Nge7 5.O-O a6 6.Bxc6 Nxc6 7.Re1 b6 8.d4 cxd4
9.Nxd4 Bb7 10.Bf4 Qf6 11.Nde2 b5 12.Bd6 Bxd6 13.Qxd6 Qe5 14.Rad1 Qxd6 15.Rxd6 Ne5
16.b3 Ke7 17.Red1 Bc6 18.f3 Rhc8 19.R1d2 Rab8 20.R6d4 Rb7 21.Kf2 Rbc7 22.f4 Ng4+
23.Kg3 Nf6 24.e5 Nh5+ 25.Kf2 g6 26.Nd1 Ng7 27.Ne3 a5 28.g4 h5 29.h3 hxg4
30.hxg4 Rh8 31.a3 Rh1 32.c4 b4 33.axb4 axb4 34.c5 Rb7 35.Rd1 Rh2+ 36.Ke1 Bf3
37.R1d2 Ra7 38.Nc1 Rh1+ 39.Kf2 Bxg4 40.Nxg4 Rxc1 41.Rxb4 Rxc5 42.Rb8 Nh5
43.Kf3 Rc3+ 44.Kf2 f5 45.Ne3 Nxf4 46.Nc4 Nd3+ 47.Ke2 Nf4+ 48.Kf2 Kf7 49.Nd6+ Kg7
50.b4 Raa3 51.Nb5 Rf3+ 52.Ke1 Ra1+ 53.Rd1 Re3+  0-1

[Event "Open A"]
[Site "Le Touquet FRA"]
[Date "2006.10.30"]
[Round "3"]
[White "Petrov,Marij"]
[Black "Pucher,O"]
[Result "1-0"]
[WhiteElo "2457"]
[BlackElo "2306"]

1.e4 c5 2.Nc3 Nc6 3.Bb5 Nd4 4.Bc4 e6 5.Nf3 a6 6.Nxd4 cxd4 7.Ne2 Nf6 8.Nxd4 Nxe4
9.O-O d5 10.Be2 Bd6 11.d3 Nc5 12.f4 O-O 13.Be3 Qe7 14.Qd2 Bd7 15.Rae1 f6
16.Bf3 Qf7 17.c4 Rad8 18.b4 Na4 19.f5 dxc4 20.dxc4 Kh8 21.fxe6 Bxe6 22.Nxe6 Qxe6
23.Qc2 b5 24.c5 Be5 25.Bf4 Rd4 26.Bxe5 fxe5 27.Bd5 Rxf1+ 28.Rxf1 Qc8 29.Be6 Qe8
30.c6 h6 31.c7 Nb6 32.c8=R Nxc8 33.Qxc8 Qxc8 34.Bxc8 Rxb4 35.Bxa6 Ra4 36.Bxb5 Rxa2
37.Rf8+ Kh7 38.Bd3+ g6 39.Rf7+ Kg8 40.Bxg6 Ra6 41.Bd3  1-0

[Event "14th Chigorin Mem"]
[Site "St-Petersburg RUS"]
[Date "2006.10.30"]
[Round "9"]
[White "Onoprienko,V"]
[Black "Ismagambetov,A2"]
[Result "0-1"]
[WhiteElo "2348"]
[BlackElo "2418"]

1.e4 c5 2.Nc3 Nc6 3.Bb5 Nd4 4.Bc4 e6 5.Nf3 a6 6.Nxd4 cxd4 7.Ne2 b5 8.Bb3 Bc5
9.d3 Ne7 10.O-O O-O 11.Nf4 f5 12.Qh5 Qe8 13.Qxe8 Rxe8 14.exf5 Nxf5 15.Re1 Kf8
16.Bd2 Bb7 17.Bxe6 dxe6 18.Nxe6+ Rxe6 19.Rxe6 Nh4 20.f3 Ng6 21.Rae1 Bd5 22.R6e2 Rc8
23.a3 Kf7 24.Bb4 Bb6 25.f4 a5 26.Bd6 Rc6 27.Bb8 Rc8 28.Bd6 Rd8 29.Be5 Nh4
30.Bc7 Bxc7 31.Re7+ Kf6 32.Rxc7 Nxg2 33.Ree7 Nxf4 34.Rxg7 h5 35.Kf1 Rf8 36.Rgd7 Ke5
37.Rh7 Nxd3+ 38.Kg1 Nf4 39.Kf2 Bg8 40.Rhe7+ Be6  0-1

[Event "14th Chigorin Mem B"]
[Site "St-Petersburg RUS"]
[Date "2006.10.30"]
[Round "9"]
[White "Edvardsen,I"]
[Black "Rumiantseva,M"]
[Result "1-0"]
[WhiteElo "1938"]
[BlackElo "2053"]

1.e4 c5 2.Nc3 Nc6 3.Nf3 g6 4.Bb5 Bg7 5.d3 e6 6.Bxc6 bxc6 7.O-O d5 8.e5 f6
9.Re1 Ne7 10.exf6 Bxf6 11.Bf4 O-O 12.Ne5 Bg7 13.Qg4 Nf5 14.Na4 Qa5 15.b3 Nd4
16.Rac1 Qb5 17.c3 Nf5 18.c4 Qb4 19.Nxc6 Qb7 20.Ne5 Qb4 21.h4 h5 22.Qxg6 Nxh4
23.Qg5 Nf5 24.Qxh5 Nd4 25.Bh6  1-0